[Event "North American Open"]
[Site "Las Vegas"]
[Date "2012.12.29"]
[Round "7.12"]
[White "Matikozian, Andranik"]
[Black "Yankovsky, Roman"]
[Result "1/2-1/2"]
[WhiteElo "2426"]
[BlackElo "2474"]
[PlyCount "114"]
[EventDate "2012.12.??"]
[EventType "swiss"]
[EventRounds "9"]
[EventCountry "USA"]
[Source "MonRoi"]

1. e4 c5 2. Nf3 d6 3. Nc3 a6 4. d4 cxd4 5. Nxd4 Nf6 6. Bc4 e6 7. O-O b5 8. Bb3
Be7 9. Qf3 Qc7 10. Qg3 Rg8 11. Re1 Nbd7 12. f4 Bb7 13. e5 dxe5 14. fxe5 Bc5 15.
Be3 Qxe5 16. Qxe5 Nxe5 17. Nxe6 Bxe3+ 18. Rxe3 Neg4 19. Rg3 fxe6 20. Bxe6 h5
21. Bxg8 Nxg8 22. h3 N4f6 23. Rxg7 O-O-O 24. Rd1 Rxd1+ 25. Nxd1 Bd5 26. b3 Ne8
27. Rg5 Ngf6 28. Ne3 Be4 29. c4 bxc4 30. bxc4 Kd7 31. Ra5 Nc7 32. g4 hxg4 33.
hxg4 Kc6 34. Kf2 Bd3 35. Ra3 Ne4+ 36. Ke1 Nc5 37. Kd2 Be4 38. Nf5 Nd7 39. Re3
Bb1 40. a3 Nb6 41. Kc3 Ncd5+ 42. cxd5+ Nxd5+ 43. Kd4 Nxe3 44. Nxe3 Kd6 45. Nd5
Ke6 46. Nc7+ Kf6 47. Nxa6 Kg5 48. Nb4 Kxg4 49. Ke5 Bg6 50. a4 Be8 51. a5 Bb5
52. Nd5 Kg5 53. Nc7 Bf1 54. Kd6 Kf6 55. Kc6 Ke7 56. Nb5 Bxb5+ 57. Kxb5 Kd7
1/2-1/2

[Event "North American Open"]
[Site "Las Vegas"]
[Date "2012.12.29"]
[Round "7.14"]
[White "Cernousek, Lukas"]
[Black "Bodek, Michael"]
[Result "0-1"]
[WhiteElo "2450"]
[BlackElo "2316"]
[PlyCount "76"]
[EventDate "2012.12.??"]
[EventType "swiss"]
[EventRounds "9"]
[EventCountry "USA"]
[Source "MonRoi"]

1. d4 Nf6 2. c4 e6 3. g3 d5 4. Nf3 dxc4 5. Bg2 Nc6 6. Qa4 Bb4+ 7. Bd2 Nd5 8.
Bxb4 Ndxb4 9. O-O Rb8 10. Nc3 a6 11. Ne5 O-O 12. Nxc6 Nxc6 13. Bxc6 bxc6 14.
Qxc4 Qd6 15. Ne4 Qd5 16. Qc2 e5 17. dxe5 Qxe5 18. Nc3 Bf5 19. e4 Bh3 20. f4
Qc5+ 21. Rf2 Rfd8 22. Nd1 Qd4 23. Qe2 f5 24. Nc3 Bg4 25. Qc2 fxe4 26. Qxe4 Qa7
27. Qc2 Qe3 28. Raf1 Bh3 29. Qc1 Qc5 30. Re1 Re8 31. Qd2 Qd4 32. Rc1 Qa7 33.
Na4 Rb5 34. Qc3 Rd5 35. Qxc6 Red8 36. Re1 Rd1 37. Qc4+ Kh8 38. Qe4 Qd4 0-1

[Event "North American Open"]
[Site "Las Vegas"]
[Date "2012.12.29"]
[Round "7.20"]
[White "Kretchetov, Alexandre"]
[Black "Griffith, Kyron"]
[Result "0-1"]
[WhiteElo "2306"]
[BlackElo "2230"]
[PlyCount "152"]
[EventDate "2012.12.??"]
[EventType "swiss"]
[EventRounds "9"]
[EventCountry "USA"]
[Source "MonRoi"]

1. Nf3 Nf6 2. c4 g6 3. Nc3 Bg7 4. e4 d6 5. d4 O-O 6. Be2 e5 7. Be3 Ng4 8. Bg5
f6 9. Bh4 Nd7 10. h3 Nh6 11. Qd2 Nf7 12. O-O c6 13. Rfd1 Qc7 14. Bg3 a5 15. Qc2
Re8 16. Rab1 Bh6 17. a3 Nf8 18. b4 axb4 19. axb4 f5 20. dxe5 dxe5 21. exf5 gxf5
22. Bd3 Ra3 23. Re1 Bg7 24. Nh4 Nh6 25. Qc1 Ra8 26. Bf4 Nf7 27. Nf3 Qd8 28. Qe3
Bd7 29. Bh2 e4 30. Nxe4 fxe4 31. Bxe4 Bf5 32. Qf4 Bxe4 33. Rxe4 Rxe4 34. Qxe4
Ra1 35. Rxa1 Bxa1 36. Bg3 Ng6 37. h4 Qe7 38. Qb1 Bg7 39. b5 Nge5 40. Nxe5 Bxe5
41. Qe4 cxb5 42. cxb5 Bf6 43. Qg4+ Kf8 44. Qc8+ Nd8 45. Qf5 Kg7 46. Qg4+ Kh8
47. Qf5 Qe6 48. Qc5 Qe1+ 49. Kh2 Qe7 50. Bd6 Qd7 51. Bg3 Kg7 52. Qh5 Nf7 53. f3
Qe6 54. Qc5 Be5 55. f4 Bf6 56. Qc7 Qe7 57. Qc8 Nh6 58. Kg1 Qe4 59. Bf2 Qb1+ 60.
Kh2 Qxb5 61. g4 Qc6 62. Qxc6 bxc6 63. Kg3 Nf7 64. g5 Bc3 65. f5 Ne5 66. Be3 Nc4
67. Ba7 Nd6 68. Kg4 Nb5 69. Be3 Bd4 70. Bxd4+ Nxd4 71. Kf4 c5 72. h5 c4 73. f6+
Kf7 74. Ke3 c3 75. Kd3 c2 76. Kd2 Nf3+ 0-1

[Event "North American Open"]
[Site "Las Vegas"]
[Date "2012.12.29"]
[Round "7.21"]
[White "Ebrahim Shirazi, Behrooz"]
[Black "Kavutskiy, Konstantin"]
[Result "1-0"]
[WhiteElo "2036"]
[BlackElo "2299"]
[PlyCount "75"]
[EventDate "2012.12.??"]
[EventType "swiss"]
[EventRounds "9"]
[EventCountry "USA"]
[Source "MonRoi"]

1. d4 Nf6 2. c4 e6 3. Nc3 Bb4 4. Bg5 h6 5. Bh4 c5 6. d5 Bxc3+ 7. bxc3 d6 8. e3
e5 9. Bd3 Nbd7 10. e4 Qe7 11. f3 Nf8 12. Ne2 g5 13. Bf2 Ng6 14. Qd2 Nh5 15. g3
Qf6 16. Ng1 O-O 17. h4 gxh4 18. Qxh6 Ngf4 19. Qxf6 Nxd3+ 20. Kd2 Nxf6 21. Kxd3
hxg3 22. Bxg3 Kg7 23. Ne2 Rh8 24. Bh4 Rh6 25. Rag1+ Rg6 26. f4 exf4 27. Nxf4
Rg4 28. Rf1 Nd7 29. Be7 Ne5+ 30. Ke2 f5 31. Bxd6 Nxc4 32. Bxc5 fxe4 33. Bd4+
Kf7 34. Rh7+ Ke8 35. Rh8+ Kd7 36. Ne6 b6 37. Rf7+ Kd6 38. Rd8+ 1-0

[Event "North American Open"]
[Site "Las Vegas"]
[Date "2012.12.29"]
[Round "7.23"]
[White "Colas, Joshua"]
[Black "Ardaman, Miles"]
[Result "1/2-1/2"]
[WhiteElo "2204"]
[BlackElo "2282"]
[PlyCount "201"]
[EventDate "2012.12.??"]
[EventType "swiss"]
[EventRounds "9"]
[EventCountry "USA"]
[Source "MonRoi"]

1. d4 c5 2. d5 b5 3. e4 Ba6 4. Nf3 g6 5. Be2 Bg7 6. O-O d6 7. c3 Nf6 8. Qc2
Nfd7 9. Be3 Nb6 10. Na3 Qd7 11. Qb3 b4 12. Bxa6 Nxa6 13. cxb4 Nxb4 14. Bd2 Na4
15. Nc4 O-O 16. a3 Na6 17. Rab1 Rfc8 18. Qc2 Nb6 19. b3 Nc7 20. a4 Na6 21. Bc3
Nb4 22. Bxb4 cxb4 23. Nxb6 axb6 24. Qd2 b5 25. axb5 Qxb5 26. Qg5 Bf6 27. Qf4
Ra2 28. h4 h5 29. g4 hxg4 30. Qxg4 Rc3 31. h5 Qd3 32. Kg2 Re2 33. hxg6 Qxe4 34.
gxf7+ Kxf7 35. Qh5+ Qg6+ 36. Qxg6+ Kxg6 37. Rfd1 Re4 38. Ne1 Kf5 39. Kf1 Rh3
40. Kg2 Rc3 41. Kf1 Bd4 42. Rd2 Rh3 43. Kg2 Rh5 44. Rd3 Rg5+ 45. Kf1 Bc3 46.
Ng2 Rh5 47. Ne3+ Ke5 48. Kg2 Rg5+ 49. Kf3 Rf4+ 50. Ke2 Rh4 51. Rf1 Kf4 52. Rfd1
Rh8 53. Nc4 Kf5 54. Re3 Kf6 55. Re6+ Kf7 56. Rd3 Bf6 57. Re4 Rb8 58. Ne3 Bc3
59. Rd1 Rh8 60. Nc2 Rb8 61. Rd3 Rb5 62. Rf3+ Ke8 63. Ne3 Re5 64. Rff4 Ra5 65.
Rxe5 dxe5 66. Rf5 Ra3 67. Nc4 Rxb3 68. Nxe5 Rb1 69. Kd3 Rd1+ 70. Kc4 Rd4+ 71.
Kb3 Rxd5 72. f4 Rb5 73. Rh5 Bxe5 74. fxe5 Kd8 75. Rg5 Kc7 76. Rh5 Kc6 77. Kc4
Rb7 78. Rh6+ Kd7 79. Kb3 Rb5 80. Kc4 Rb8 81. Kb3 e6 82. Rg6 Rb6 83. Rh6 Kc7 84.
Rg6 Kb7 85. Rh6 Ka6 86. Rh4 Ka5 87. Rg4 Rb5 88. Re4 Rb8 89. Rc4 Rb5 90. Re4 Rb7
91. Rc4 Rb5 92. Re4 Rc5 93. Rxb4 Rxe5 94. Rd4 Rc5 95. Re4 e5 96. Rc4 Rd5 97.
Kc3 Kb5 98. Rc8 Rd1 99. Re8 Re1 100. Kd2 Re4 101. Kd3 1/2-1/2

[Event "North American Open"]
[Site "Las Vegas"]
[Date "2012.12.29"]
[Round "7.24"]
[White "Hua, David"]
[Black "Aripov, Iskandar"]
[Result "1/2-1/2"]
[WhiteElo "2254"]
[BlackElo "2165"]
[PlyCount "40"]
[EventDate "2012.12.??"]
[EventType "swiss"]
[EventRounds "9"]
[EventCountry "USA"]
[Source "MonRoi"]

1. e4 c5 2. Nf3 g6 3. d4 cxd4 4. Nxd4 Nc6 5. c4 Nf6 6. Nc3 Nxd4 7. Qxd4 d6 8.
Be3 Bg7 9. Be2 O-O 10. Qd2 a5 11. O-O Be6 12. f4 a4 13. Rab1 Qa5 14. Rfc1 Rfc8
15. b4 axb3 16. axb3 Qb4 17. Bf3 Nd7 18. Qc2 Qxc3 19. Qxc3 Bxc3 20. Rxc3 b5
1/2-1/2

[Event "North American Open"]
[Site "Las Vegas"]
[Date "2012.12.29"]
[Round "7.26"]
[White "Zenyuk, Iryna"]
[Black "Viswanadha, Kesav"]
[Result "0-1"]
[WhiteElo "2250"]
[BlackElo "2130"]
[PlyCount "148"]
[EventDate "2012.12.??"]
[EventType "swiss"]
[EventRounds "9"]
[EventCountry "USA"]
[Source "MonRoi"]

1. d4 Nf6 2. c4 e6 3. Nc3 Bb4 4. e3 O-O 5. Bd3 c5 6. Nf3 d5 7. O-O dxc4 8. Bxc4
cxd4 9. exd4 b6 10. Bg5 Bb7 11. Ne5 Nc6 12. Bxf6 gxf6 13. Nxc6 Bxc6 14. Rc1 Rc8
15. a3 Bxc3 16. Rxc3 Bxg2 17. Kxg2 Rxc4 18. Rxc4 Qd5+ 19. Kh3 Qxc4 20. Rg1+ Kh8
21. Qg4 Qd3+ 22. Rg3 Qg6 23. Qf4 Qh5+ 24. Kg2 Qd5+ 25. Kh3 Qh5+ 26. Kg2 Qd5+
27. Kh3 Qd8 28. Rf3 Rg8 29. Qxf6+ Qxf6 30. Rxf6 Kg7 31. Rf3 Rd8 32. Rd3 Rd5 33.
Kg2 Kf6 34. Kf1 Ke7 35. Ke2 Rh5 36. h3 Rh4 37. b4 a6 38. a4 Kd6 39. b5 axb5 40.
axb5 Rh5 41. Rf3 Ke7 42. Rb3 Kd6 43. Rf3 Ke7 44. Rb3 Rd5 45. Ke3 Kf6 46. Ke4
Rh5 47. Rf3+ Ke7 48. Rb3 Rh4+ 49. f4 Rh5 50. Rc3 Rxb5 51. Rc7+ Kf6 52. Rb7 Rb3
53. h4 Rb1 54. Rb8 b5 55. Rb6 Kg7 56. f5 Re1+ 57. Kd3 exf5 58. Rxb5 Kf6 59.
Rb6+ Re6 60. Rb1 f4 61. d5 Re8 62. Kd4 Kf5 63. d6 f3 64. Kd5 Re2 65. d7 Rd2+
66. Kc6 Kg4 67. Kc7 Kxh4 68. Rh1+ Kg3 69. Rxh7 f5 70. Rg7+ Kf4 71. Rg1 f2 72.
Ra1 Kf3 73. d8=Q Rxd8 74. Kxd8 Kg2 0-1

[Event "North American Open"]
[Site "Las Vegas"]
[Date "2012.12.29"]
[Round "7.30"]
[White "Adelberg, David"]
[Black "Hu, Bryan"]
[Result "1/2-1/2"]
[WhiteElo "2241"]
[BlackElo "2154"]
[PlyCount "52"]
[EventDate "2012.12.??"]
[EventType "swiss"]
[EventRounds "9"]
[EventCountry "USA"]
[Source "MonRoi"]

1. d4 Nf6 2. c4 c5 3. d5 b5 4. cxb5 a6 5. bxa6 g6 6. Nc3 Bxa6 7. e4 Bxf1 8.
Kxf1 d6 9. g3 Bg7 10. Kg2 O-O 11. Nf3 Nbd7 12. h3 Ra6 13. Re1 Qa8 14. Bg5 h6
15. Bf4 Nb6 16. Qc2 Na4 17. Nxa4 Rxa4 18. b3 Rxe4 19. Rxe4 Nxe4 20. Re1 Nf6 21.
Rxe7 Nxd5 22. Re4 Nb4 23. Qb1 Nxa2 24. Ra4 Nc3 25. Rxa8 Nxb1 26. Ra6 d5 1/2-1/2

[Event "North American Open"]
[Site "Las Vegas"]
[Date "2012.12.29"]
[Round "8.4"]
[White "Shabalov, Alexander"]
[Black "Bryant, John"]
[Result "0-1"]
[WhiteElo "2578"]
[BlackElo "2332"]
[PlyCount "56"]
[EventDate "2012.12.??"]
[EventType "swiss"]
[EventRounds "9"]
[EventCountry "USA"]
[Source "MonRoi"]

1. e4 e5 2. Nf3 Nc6 3. Bb5 Nf6 4. O-O d6 5. d4 exd4 6. Nxd4 Bd7 7. Re1 Be7 8.
c4 O-O 9. Nc3 Re8 10. Bxc6 bxc6 11. Bf4 h6 12. h3 Nh7 13. Qf3 Bf6 14. Rad1 Ng5
15. Bxg5 hxg5 16. c5 dxc5 17. Nb3 Be7 18. Na4 Qc8 19. Naxc5 Be6 20. Qc3 Rb8 21.
Nd4 Bxc5 22. Qxc5 Rxb2 23. Nxc6 Qa6 24. Ne7+ Kh7 25. Qxg5 Bxa2 26. Re3 Qh6 27.
Qf5+ g6 28. Qd7 Qh4 0-1

[Event "North American Open"]
[Site "Las Vegas"]
[Date "2012.12.29"]
[Round "8.5"]
[White "Chibukhchian, Artur"]
[Black "Amanov, Zhanibek"]
[Result "1/2-1/2"]
[WhiteElo "2448"]
[BlackElo "2359"]
[PlyCount "130"]
[EventDate "2012.12.??"]
[EventType "swiss"]
[EventRounds "9"]
[EventCountry "USA"]
[Source "MonRoi"]

1. d4 Nf6 2. c4 e6 3. Nf3 Bb4+ 4. Bd2 c5 5. Bxb4 cxb4 6. g3 O-O 7. Bg2 d6 8.
O-O a5 9. Qd3 Qe7 10. Nbd2 e5 11. e4 Nc6 12. h3 b6 13. Rfe1 Ba6 14. Rad1 Rab8
15. Nf1 b5 16. dxe5 dxe5 17. c5 Rbd8 18. Qe3 Rxd1 19. Rxd1 Rd8 20. Rd6 Rc8 21.
Nh4 Ne8 22. Nf5 Qf8 23. Rd5 g6 24. Nh6+ Kg7 25. Ng4 Qe7 26. Qh6+ Kg8 27. Nfe3
Bb7 28. f4 f6 29. Kh2 Nd4 30. fxe5 Bxd5 31. Nxd5 Qg7 32. Ndxf6+ Nxf6 33. Nxf6+
Kh8 34. Qd2 Ne6 35. c6 Rxc6 36. Qd5 Qb7 37. h4 Qc7 38. Qxb5 Qc8 39. Qxa5 b3 40.
axb3 Rc2 41. Qa7 Rc7 42. Qa3 Rc2 43. Qe7 Rc7 44. Qd6 Rc6 45. Qe7 Rc7 46. Qa3
Rc2 47. Qa7 Rc7 48. Qe3 Rc2 49. b4 Rxb2 50. Qa7 Qc7 51. Qa8+ Qd8 52. Qb7 Qc7
53. Qa6 Qxe5 54. Qc8+ Kg7 55. Ne8+ Kh6 56. Qc1+ g5 57. hxg5+ Kg6 58. Qc6 Rb3
59. Kh1 Kxg5 60. Nd6 Kf6 61. Nf5 Rxb4 62. Qd7 Rxe4 63. Qe7+ Kxf5 64. Qxh7+ Kf6
65. Qxe4 Qxg3 1/2-1/2

[Event "North American Open"]
[Site "Las Vegas"]
[Date "2012.12.29"]
[Round "8.6"]
[White "Yankovsky, Roman"]
[Black "Erenburg, Sergey"]
[Result "1/2-1/2"]
[WhiteElo "2474"]
[BlackElo "2637"]
[PlyCount "62"]
[EventDate "2012.12.??"]
[EventType "swiss"]
[EventRounds "9"]
[EventCountry "USA"]
[Source "MonRoi"]

1. e4 c6 2. c4 d5 3. cxd5 cxd5 4. exd5 Nf6 5. Qa4+ Nbd7 6. Nc3 g6 7. Nf3 Bg7 8.
Bc4 O-O 9. d3 a6 10. Qa3 b6 11. O-O Bb7 12. Re1 Re8 13. Ng5 Rc8 14. Nge4 Nxe4
15. Nxe4 Ne5 16. Bf4 Nxc4 17. dxc4 Rxc4 18. Rad1 Bxd5 19. Qxa6 Rd4 20. Nc3 Qa8
21. Qxa8 Bxa8 22. Rxd4 Bxd4 23. Be5 Bxc3 24. Bxc3 Bd5 25. a3 b5 26. f4 h5 27.
Kf2 e6 28. g3 Rc8 29. Rd1 Kf8 30. Rc1 Ke8 31. Bd2 Rxc1 1/2-1/2

[Event "North American Open"]
[Site "Las Vegas"]
[Date "2012.12.29"]
[Round "8.7"]
[White "Gelashvili, Tamaz"]
[Black "Krush, Irina"]
[Result "1/2-1/2"]
[WhiteElo "2566"]
[BlackElo "2459"]
[PlyCount "59"]
[EventDate "2012.12.??"]
[EventType "swiss"]
[EventRounds "9"]
[EventCountry "USA"]
[Source "MonRoi"]

1. d4 Nf6 2. Nf3 e6 3. e3 d5 4. Bd3 c5 5. O-O c4 6. Be2 b5 7. c3 Bb7 8. a4 a6
9. b3 Nbd7 10. Ba3 Bxa3 11. Nxa3 Ne4 12. Qc2 Bc6 13. axb5 axb5 14. Nd2 Nd6 15.
Bf3 O-O 16. bxc4 bxc4 17. e4 dxe4 18. Nxe4 Bxe4 19. Bxe4 Nxe4 20. Qxe4 Nf6 21.
Qf3 Nd5 22. Nxc4 Rxa1 23. Rxa1 Qc7 24. Qd3 Nf4 25. Qf1 Nd5 26. Rc1 Rc8 27. Ne3
Nxc3 28. Rc2 Qd8 29. Qd3 Nd5 30. Nxd5 1/2-1/2

[Event "North American Open"]
[Site "Las Vegas"]
[Date "2012.12.29"]
[Round "8.9"]
[White "Kekelidze, Mikheil"]
[Black "Matikozian, Andranik"]
[Result "1-0"]
[WhiteElo "2491"]
[BlackElo "2426"]
[PlyCount "67"]
[EventDate "2012.12.??"]
[EventType "swiss"]
[EventRounds "9"]
[EventCountry "USA"]
[Source "MonRoi"]

1. d4 Nf6 2. Nf3 c5 3. d5 e6 4. c4 exd5 5. cxd5 d6 6. h3 g6 7. e4 Bg7 8. Bd3
O-O 9. Nbd2 Re8 10. O-O a6 11. a4 Nbd7 12. Re1 Rb8 13. Nc4 Nb6 14. Na3 c4 15.
Bc2 Qc7 16. Be3 Nbd7 17. Ba7 Ra8 18. Bd4 Rb8 19. a5 b5 20. axb6 Nxb6 21. Rc1
Bd7 22. Bd3 Bb5 23. b3 Qb7 24. Nxc4 Bxc4 25. bxc4 Nfd7 26. Bxg7 Kxg7 27. Nd4
Rbc8 28. f4 Rc5 29. Kh1 Qc7 30. Nb3 a5 31. Nxc5 Nxc5 32. Bc2 f6 33. Qd4 Nbd7
34. Rb1 1-0

[Event "North American Open"]
[Site "Las Vegas"]
[Date "2012.12.29"]
[Round "8.11"]
[White "Cheng, Bindi"]
[Black "Molner, Mackenzie"]
[Result "0-1"]
[WhiteElo "2397"]
[BlackElo "2479"]
[PlyCount "74"]
[EventDate "2012.12.??"]
[EventType "swiss"]
[EventRounds "9"]
[EventCountry "USA"]
[Source "MonRoi"]

1. d4 Nf6 2. c4 e6 3. g3 c5 4. d5 exd5 5. cxd5 d6 6. Nc3 g6 7. Bg2 Bg7 8. Nf3
O-O 9. O-O Re8 10. Nd2 Nbd7 11. a4 a6 12. h3 Rb8 13. Nc4 Nb6 14. Na3 Bd7 15. e4
Nxa4 16. Nxa4 b5 17. Nxc5 dxc5 18. Re1 b4 19. Nc2 b3 20. Na3 Rb4 21. e5 Nh5 22.
Bd2 Rd4 23. f4 Nxg3 24. Qxb3 Qh4 25. Be3 Rb4 26. Qc3 g5 27. Bf2 gxf4 28. Bxc5
Rbb8 29. Nc4 Bxh3 30. Bxh3 Qxh3 31. Qf3 Rb3 32. Qg2 Ne2+ 33. Kf1 Ng3+ 34. Kg1
Qc8 35. Qf2 Qg4 36. Ra3 f3 37. Qh2 Ne2+ 0-1

[Event "North American Open"]
[Site "Las Vegas"]
[Date "2012.12.29"]
[Round "8.12"]
[White "Lenderman, Alex"]
[Black "Bodek, Michael"]
[Result "1/2-1/2"]
[WhiteElo "2619"]
[BlackElo "2316"]
[PlyCount "62"]
[EventDate "2012.12.??"]
[EventType "swiss"]
[EventRounds "9"]
[EventCountry "USA"]
[Source "MonRoi"]

1. e4 c5 2. Nc3 g6 3. f4 Bg7 4. Nf3 Nc6 5. Bb5 Nd4 6. O-O Nxb5 7. Nxb5 d5 8. e5
a6 9. Nc3 Bg4 10. d4 cxd4 11. Qxd4 Bxf3 12. Rxf3 e6 13. Qb4 Ne7 14. Qxb7 O-O
15. Ne2 Nf5 16. Ra3 Qh4 17. Bd2 Rfb8 18. Qc6 Rc8 19. Qb7 Rcb8 20. Qc6 Rc8 21.
Qa4 Rc4 22. b4 Qg4 23. Re1 Re4 24. Rf3 Bf8 25. Kf1 Rb8 26. c3 Bc5 27. Qxa6 Bb6
28. a4 Qh4 29. a5 Re3 30. axb6 Rxf3+ 31. gxf3 Qh3+ 1/2-1/2

[Event "North American Open"]
[Site "Las Vegas"]
[Date "2012.12.29"]
[Round "8.13"]
[White "Santarius, Erik"]
[Black "Lucky, David"]
[Result "1/2-1/2"]
[WhiteElo "2303"]
[BlackElo "2282"]
[PlyCount "91"]
[EventDate "2012.12.??"]
[EventType "swiss"]
[EventRounds "9"]
[EventCountry "USA"]
[Source "MonRoi"]

1. d4 d5 2. c4 dxc4 3. e3 Nf6 4. Bxc4 e6 5. Nf3 c5 6. O-O a6 7. Qe2 b5 8. Bb3
Bb7 9. Nc3 Nbd7 10. Rd1 Qc7 11. d5 exd5 12. Nxd5 Nxd5 13. Bxd5 Bxd5 14. Rxd5
Be7 15. b3 Bf6 16. Bb2 O-O 17. Rc1 Bxb2 18. Qxb2 Rac8 19. Nd4 c4 20. bxc4 bxc4
21. Qc3 Nf6 22. Nf5 Rfd8 23. Rxd8+ Qxd8 24. h3 Rc5 25. e4 g6 26. Qe3 Qc7 27.
Qh6 Ne8 28. Nd4 Qe5 29. Qe3 Nf6 30. Re1 c3 31. Qd3 Rc7 32. Nf3 Qc5 33. Qc2 Nh5
34. Re3 Nf4 35. Kh2 Qc4 36. g3 Ne6 37. Kg2 h5 38. h4 Nd4 39. Nxd4 Qxd4 40. e5
Kh7 41. Kf1 Qc4+ 42. Kg2 a5 43. e6 fxe6 44. Re5 Qc6+ 45. Kg1 Qf3 46. Rxe6
1/2-1/2

[Event "North American Open"]
[Site "Las Vegas"]
[Date "2012.12.29"]
[Round "8.15"]
[White "Kunche, Nikhilesh"]
[Black "Wang, Kevin"]
[Result "1-0"]
[WhiteElo "2217"]
[BlackElo "2283"]
[PlyCount "81"]
[EventDate "2012.12.??"]
[EventType "swiss"]
[EventRounds "9"]
[EventCountry "USA"]
[Source "MonRoi"]

1. e4 c5 2. Nf3 e6 3. b3 d6 4. Bb5+ Nd7 5. O-O Ngf6 6. Re1 Be7 7. c3 a6 8. Bf1
O-O 9. d4 e5 10. Bb2 Qc7 11. dxe5 Nxe5 12. c4 Bg4 13. Be2 Be6 14. Nc3 Nfd7 15.
Nd2 f5 16. f4 Ng6 17. exf5 Bxf5 18. Nd5 Qd8 19. g4 Be6 20. Nxe7+ Qxe7 21. f5
Bxf5 22. gxf5 Rxf5 23. Bg4 Re5 24. Bxe5 Ndxe5 25. Nf3 Rf8 26. Nxe5 Nxe5 27.
Qd5+ Kh8 28. Rxe5 dxe5 29. Rf1 Rxf1+ 30. Kxf1 g6 31. Ke2 Qg5 32. Bf3 Qf4 33.
Qxc5 Qxh2+ 34. Kd3 Qf4 35. Qc8+ Kg7 36. Qxb7+ Kh6 37. Qe4 Qf8 38. Qe3+ g5 39.
c5 Qf5+ 40. Qe4 Qd7+ 41. Kc3 1-0

[Event "North American Open"]
[Site "Las Vegas"]
[Date "2012.12.29"]
[Round "8.16"]
[White "Viswanadha, Kesav"]
[Black "Mandiza, Farai"]
[Result "1/2-1/2"]
[WhiteElo "2130"]
[BlackElo "2415"]
[PlyCount "83"]
[EventDate "2012.12.??"]
[EventType "swiss"]
[EventRounds "9"]
[EventCountry "USA"]
[Source "MonRoi"]

1. e4 c5 2. Nf3 Nc6 3. d4 cxd4 4. Nxd4 Nf6 5. Nc3 d6 6. Bg5 Qa5 7. Bxf6 gxf6 8.
Qd2 h5 9. Nb3 Qd8 10. f4 a6 11. O-O-O b5 12. Kb1 Bb7 13. Bd3 Bh6 14. Qf2 Na5
15. Nxa5 Qxa5 16. Rhe1 b4 17. Nd5 Rc8 18. Ne3 Qc5 19. Qh4 a5 20. Nf5 Kf8 21.
Nxe7 Kxe7 22. e5 Kf8 23. Bf5 fxe5 24. Bxc8 Bxc8 25. Qf6 Kg8 26. Rxd6 Bg7 27.
Rd8+ Kh7 28. Rxh8+ Kxh8 29. Qxf7 exf4 30. Qxf4 Bf5 31. Rc1 a4 32. Qb8+ Kh7 33.
Qe8 a3 34. Qxh5+ Kg8 35. Qe8+ Bf8 36. Qa4 Bg6 37. Qb3+ Bf7 38. Qg3+ Bg7 39. Rd1
Qe7 40. Qd6 Qe3 41. Qd8+ Bf8 42. Qd3 1/2-1/2

[Event "North American Open"]
[Site "Las Vegas"]
[Date "2012.12.29"]
[Round "8.18"]
[White "Troff, Kayden"]
[Black "Schwartz, Ylan"]
[Result "1-0"]
[WhiteElo "2365"]
[BlackElo "2239"]
[PlyCount "155"]
[EventDate "2012.12.??"]
[EventType "swiss"]
[EventRounds "9"]
[EventCountry "USA"]
[Source "MonRoi"]

1. d4 Nf6 2. c4 c5 3. d5 b5 4. Qc2 b4 5. e4 d6 6. Nf3 g6 7. h3 Bg7 8. Bd3 O-O
9. O-O e5 10. a3 Na6 11. Ne1 Rb8 12. Bd2 Nh5 13. axb4 Nxb4 14. Qc1 a6 15. Nc3
f5 16. Be2 f4 17. Qd1 Nf6 18. Kh2 g5 19. g4 Qe8 20. f3 h5 21. Kg2 Qg6 22. Nc2
Nxc2 23. Qxc2 Rf7 24. Na2 Bd7 25. b4 Bf8 26. Bc3 Re8 27. Nc1 Bc8 28. Nd3 hxg4
29. hxg4 Nxg4 30. fxg4 Qxe4+ 31. Bf3 Qg6 32. Rae1 e4 33. Rxe4 Rxe4 34. Nxc5 Re6
35. Be4 Rxe4 36. Qxe4 Qxe4+ 37. Nxe4 Rc7 38. c5 dxc5 39. bxc5 Bxc5 40. Ba5 Rb7
41. Rc1 Rb2+ 42. Kf1 Bxg4 43. Rxc5 Bh3+ 44. Ke1 f3 45. Nd2 g4 46. d6 g3 47.
Rg5+ Kf7 48. Rxg3 Bd7 49. Rxf3+ Ke6 50. Re3+ Kd5 51. Rd3+ Ke6 52. Bc3 Rb6 53.
Ne4 Rb5 54. Nf6 a5 55. Kd2 a4 56. Re3+ Kxd6 57. Rd3+ Kc6 58. Nxd7 a3 59. Ne5+
Kc5 60. Kc2 Rb7 61. Rd1 Rh7 62. Ra1 Rh2+ 63. Kb3 Rh7 64. Rxa3 Rb7+ 65. Kc2 Kd5
66. Kd3 Rb1 67. Ra5+ Ke6 68. Ng4 Rd1+ 69. Ke4 Kd6 70. Bd4 Re1+ 71. Ne3 Rh1 72.
Ra6+ Kc7 73. Nc4 Kb7 74. Ra7+ Kb8 75. Rg7 Rh6 76. Kd5 Ra6 77. Bb6 Ka8 78. Kc6
1-0

[Event "North American Open"]
[Site "Las Vegas"]
[Date "2012.12.29"]
[Round "8.19"]
[White "Sevian, Samuel"]
[Black "Black, James"]
[Result "0-1"]
[WhiteElo "2343"]
[BlackElo "2163"]
[PlyCount "108"]
[EventDate "2012.12.??"]
[EventType "swiss"]
[EventRounds "9"]
[EventCountry "USA"]
[Source "MonRoi"]

1. e4 c6 2. d4 d5 3. Nc3 dxe4 4. Nxe4 Nd7 5. Ng5 Ngf6 6. Bd3 e6 7. N1f3 Bd6 8.
Qe2 h6 9. Ne4 Nxe4 10. Qxe4 Qc7 11. Bd2 b6 12. O-O-O Bb7 13. Qe2 O-O-O 14. Rhe1
c5 15. Ba6 Bxa6 16. Qxa6+ Qb7 17. Qd3 Nf6 18. dxc5 Bxc5 19. Qe2 Rhe8 20. Bc3
Rxd1+ 21. Rxd1 Rd8 22. Rxd8+ Kxd8 23. Bxf6+ gxf6 24. c3 Qd5 25. b4 Bd6 26. Kb2
f5 27. Qa6 Bb8 28. a4 Ke7 29. h4 Qe4 30. h5 Kf6 31. Qb5 Qg4 32. Qf1 Qxh5 33.
Nd4 Qh4 34. Nc6 Bd6 35. Qe2 a5 36. Qd2 Qh2 37. bxa5 bxa5 38. Nxa5 Bf4 39. Qd4+
Be5 40. Qd8+ Kg7 41. Nc4 Bf6 42. Qd6 Qg1 43. Qg3+ Kf8 44. a5 Qf1 45. Nd2 Qb5+
46. Nb3 Qe2+ 47. Ka3 Be7+ 48. Nc5 Bxc5+ 49. Kb3 Qb5+ 50. Kc2 Qxa5 51. Qb8+ Kg7
52. Qe5+ Kh7 53. Qf6 Qc7 54. f4 Bf8 0-1

[Event "North American Open"]
[Site "Las Vegas"]
[Date "2012.12.29"]
[Round "8.25"]
[White "Markzon, Gregory"]
[Black "Zenyuk, Iryna"]
[Result "1/2-1/2"]
[WhiteElo "2203"]
[BlackElo "2250"]
[PlyCount "35"]
[EventDate "2012.12.??"]
[EventType "swiss"]
[EventRounds "9"]
[EventCountry "USA"]
[Source "MonRoi"]

1. d4 Nf6 2. c4 g6 3. Nc3 Bg7 4. e4 d6 5. Be2 O-O 6. Nf3 e5 7. O-O Nc6 8. d5
Ne7 9. b4 Nh5 10. Re1 f5 11. Ng5 Nf6 12. Bf3 c6 13. Qb3 h6 14. Ne6 Bxe6 15.
dxe6 fxe4 16. Nxe4 Nxe4 17. Bxe4 Rf6 18. Qh3 1/2-1/2

[Event "North American Open"]
[Site "Las Vegas"]
[Date "2012.12.29"]
[Round "8.27"]
[White "Kavutskiy, Konstantin"]
[Black "He, Tommy"]
[Result "1/2-1/2"]
[WhiteElo "2299"]
[BlackElo "2030"]
[PlyCount "143"]
[EventDate "2012.12.??"]
[EventType "swiss"]
[EventRounds "9"]
[EventCountry "USA"]
[Source "MonRoi"]

1. d4 Nf6 2. c4 e6 3. Nf3 b6 4. g3 Bb7 5. Bg2 Be7 6. O-O O-O 7. Nc3 Ne4 8. Bd2
Nxd2 9. Qxd2 d6 10. e4 Nd7 11. Rac1 e5 12. d5 f5 13. h4 fxe4 14. Ng5 Bxg5 15.
hxg5 Bc8 16. b4 a5 17. a3 axb4 18. axb4 Rf5 19. Nxe4 Nf8 20. c5 bxc5 21. bxc5
Rf7 22. cxd6 cxd6 23. Qb4 Rd7 24. Rc6 Ba6 25. Rd1 Be2 26. Rdc1 Rb8 27. Qa3 Ra8
28. Qe3 Bb5 29. Rb6 Ra3 30. Qxa3 Qxb6 31. Rb1 Qa6 32. Qxa6 Bxa6 33. Rb6 Bb7 34.
Nxd6 Ba8 35. Nf5 Kf7 36. Ne3 Ng6 37. Rb8 Ra7 38. Nc4 h6 39. gxh6 gxh6 40. Kh2
Kf6 41. Rd8 Ra6 42. Be4 Ne7 43. Rxa8 Rxa8 44. d6 Re8 45. dxe7 Rxe7 46. Ne3 Kg5
47. Kg2 Ra7 48. Bd5 Ra1 49. Kf3 h5 50. Ke4 Kf6 51. Bb3 Re1 52. Bd1 Rh1 53. Bf3
Rh3 54. Bg2 Rh2 55. Kf3 Kg5 56. Ke2 h4 57. Kf1 hxg3 58. fxg3 Rh7 59. Ke2 Ra7
60. Bd5 Ra4 61. Kf3 Rd4 62. Be4 Rd8 63. Nc4 Rf8+ 64. Kg2 Re8 65. Nd2 Rb8 66.
Nf3+ Kf6 67. Ne1 Rb4 68. Kf3 Kg5 69. Bc2 e4+ 70. Kg2 Rb2 71. Kh3 e3 72. Nf3+
1/2-1/2